| 000 | 00563nam a22001817a 4500 | ||
|---|---|---|---|
| 999 |
_c190475 _d190475 |
||
| 005 | 20220726150012.0 | ||
| 010 | _aENG-133947 | ||
| 020 |
_c1100.00 _a978-81-321-0508-4 |
||
| 035 | _aEN-117479 | ||
| 037 | _bDBAD/PUB | ||
| 082 | _a344.54046 | ||
| 100 | _aBhat, Sairam | ||
| 245 |
_aNatural Resources Conservation Law/ _cSairam Bhat |
||
| 260 |
_aNew Delhi _bSage Publications _c2010 |
||
| 270 |
_aBI/I-1 Mohan Cooperative Industrial Area, Mathura Road _bNew Delhi _e110044 |
||
| 300 |
_a554p. _c22cm(hbk) |
||
| 942 |
_2ddc _cEN _h344.54046 _mBHA |
||